|
|
|
|
| LEADER |
00991Cam#a22002775a#4500 |
| 001 |
023093 |
| 005 |
20250214144319.0 |
| 008 |
110825s2008 ag # g## #000#p#mul#d |
| 020 |
|
|
|a 9789876180306
|
| 040 |
|
|
|a AR-BeUNQ
|
| 082 |
0 |
4 |
|a 810
|2 21
|
| 099 |
|
|
|a 35-M81
|
| 100 |
1 |
|
|a Mayne, Seymour
|
| 245 |
0 |
2 |
|a Reflejos :
|b sonetos de una palabra
|c Seymour Mayne ; traducción e introducción María Laura Sportuno.
|
| 260 |
|
|
|a La Plata :
|b Al margen,
|c 2008.
|
| 300 |
|
|
|a 167 p ;
|c 20 cm.
|
| 490 |
1 |
|
|a Tiempos de Babel. Biblioteca Norte-Sur. Cuadernos de Lenguas Modernas
|
| 546 |
|
|
|a Inglés y español en páginas opuestas
|
| 650 |
|
7 |
|a Literatura (arte)
|2 Spines
|
| 650 |
|
7 |
|a Literatura canadiense en inglés
|2 ttll
|
| 650 |
|
7 |
|a Poesía
|2 spines
|
| 700 |
1 |
|
|a Spoturno, María Laura.
|
| 830 |
|
0 |
|a Tiempos de Babel. Biblioteca Norte-Sur. Cuadernos de Lenguas Modernas (Al margen).
|
| 929 |
|
|
|a CANJE
|b Bibhuma
|d 0,00
|e 20080731
|f PAT0024590
|j 46841
|
| 942 |
|
|
|c LIB
|n 0
|
| 999 |
|
|
|c 21928
|d 97315
|